Score 0/34 Timer 07:00
0 Plays Today
Starting Vowel Country % Correct
UUnited Kingdom
95.9%
OOman
94.9%
UUSA
94.2%
AAustralia
93.8%
IIndia
93.5%
UUruguay
89.9%
AAustria
89.2%
EEthiopia
88.7%
AAfghanistan
88.5%
UUzbekistan
88.2%
IIran
87.8%
IIraq
87.8%
IIndonesia
87.6%
AArmenia
87.3%
IIreland
87.3%
AAlgeria
87.1%
AAzerbaijan
86.9%
Starting Vowel Country % Correct
AAlbania
86.2%
UUganda
85.5%
EEcuador
84.3%
UUnited Arab Emirates
84.3%
IIceland
84.1%
EEstonia
83.9%
AAndorra
83.2%
AArgentina
82.9%
EEgypt
81.3%
IItaly
81.3%
AAngola
81.1%
EEritrea
80%
IIsrael
79.5%
EEl Salvador
74.7%
AAntigua and Barbuda
72.8%
UUkraine
71.4%
EEquatorial Guinea
64.3%

You're not logged in!

Compare scores with friends on all Sporcle quizzes.
OR
Log In

Sporcle TV

Today on Sporcle TV


Watch our educational content, quiz creation guides, and fun videos on Sporcle TV.

Show Comments

Extras

Created Oct 5, 2009ReportNominate
Tags:Country Quiz, Starting, vowel

Top Quizzes Today


Score Distribution

Paid Content

Your Account Isn't Verified!

In order to create a playlist on Sporcle, you need to verify the email address you used during registration. Go to your Sporcle Settings to finish the process.

Report this User

Report this user for behavior that violates our Community Guidelines.

Details: